[Event "Match 78__120'/40"]
[Site "Zurich"]
[Date "2024.??.??"]
[Round "12"]
[White "Mephisto Polgar sel. 5"]
[Black "Saitek D+ EGR 10 MHz"]
[Result "1/2-1/2"]
[WhiteElo "1991"]
[BlackElo "1992"]
[Annotator "Utzinger,K"]
[PlyCount "189"]
[EventDate "2024.05.22"]
[EventType "match"]
[SourceVersionDate "2024.04.21"]

{[%evp 0,189,31,14,22,3,38,37,51,44,51,41,41,41,41,54,51,51,49,34,34,16,52,39,39,41,82,66,66,66,96,129,122,115,115,78,78,82,104,75,88,96,96,96,116,101,125,83,102,65,82,76,112,100,136,100,157,169,145,142,178,142,150,160,161,140,145,128,145,72,84,62,63,65,61,61,75,40,75,17,64,58,58,53,72,56,63,52,59,58,86,52,116,79,110,66,113,118,114,86,59,63,81,59,59,33,19,13,64,0,6,0,0,0,64,-164,-180,-191,-111,-133,-142,-138,-37,-38,-40,-4,0,0,17,17,17,0,0,-40,-29,-13,7,-16,117,117,103,102,102,67,84,67,386,368,411,-65,-30,-40,-49,-57,0,0,0,0,0,0,0,0,0,0,0,0,0,0,0,0,0,0,0,0,0,0,0,0,0,0,0,0,0,0,0,0,0,0,0,0,0,0]} 1. d4 Nf6 {Match 120'/40 | Bediener: Rolf Bühler | 12. Partie: Remis | Zwischenstand: 7,0-5,0 (58,3%) für Saitek D+ / hypothetisch: 8,0-4,0 (66,6%) für Mephisto Polgar | Eröffnung: Grünfeld Indisch, moderne Tausch-Variante | Eine für beide Programme viel zu schwierige Partie mit mehrmaligen Gewinnchancen für den Mephisto Polgar, aber auch zwei Gewinnchancen für den Saitek D+ wie die folgenden Zusammenstellung zeigt: 12...f5? Schwarz verliert / 23.Lf3? Weiss vergibt einen möglichen Gewinn / 27...Tdf8? verpasst den Ausgleich / 35...e6? Schwarz verliert / 36.Td3? vergibt den Sieg / 42.Kh3? vergibt den Sieg / 47...Le5? Schwarz verliert / 48.Lxe5? vergibt den Sieg / 50...bxa5 Schwarz verliert / 54.Taa1? vergibt den Sieg / 57.Td2? Weiss verliert / 60...Txd2? vergibt den Sieg / 67.Kf4? Weiss verliert / 68...Sf7?= vergibt den Sieg / 69...Sg5+? Schwarz verliert / 71.Kf6? vergibt den Sieg / 72...Sc8? Schwarz verliert / 74.Ke6? vergibt den Sieg. Daraus lässt sich die totale Überforderung beider Programme am besten ableiten. Das resultierende Remis stellt einen versöhnlichen Abschluss dieser Partie dar, die erst im Licht von Engine-Analyse verständlich wird.} 2. c4 g6 3. Nc3 d5 4. Nf3 Bg7 5. cxd5 Nxd5 6. e4 Nxc3 7. bxc3 c5 8. Be3 O-O {***ENDE BUCH*** +/= 0.43 (55%) ST 49} 9. Rc1 Qa5 10. Qd2 {***ENDE BUCH*** = 0.10 (51%) ST 47} Be6 $2 {Ein systemfremder Zug, der Weiss klar das bessere Spiel einräumt. Der Erwartungswert meiner Engine springt von 51% auf 93% (+85% =15% -1%). Anstelle von 10...Le6? gibt es je nach Geschmack diverse Fortsetzungen:} (10... Rd8 {hat sich in den letzten Jahren praktisch zur Hauptvariante erkoren. Schwarz hält die Spannung aufrecht, erlaub Weiss jedoch mit} 11. d5 {auf Raumvorteil zu spielen, und nach} e6 {entstehen spannende Kämpfe.}) (10... cxd4 {eine wichtige Alternative, um die Damen zu tauschen, einem weissen Königsangriff die Zähne zu ziehen und zu hoffen, seine Bauernmehrheit am Damenflügel in die Waagschale zu werfen.} 11. cxd4 Qxd2+ {und jetzt sind 11.Sxd2 und 11.Lxd2 gleichwertig, während selbst 11.Kxd2 gut spielbar ist.}) (10... Bg4 {hält die Spannung im Zentrum ebenfalls aufrecht, liebäugelt aber mit ...Lxf3 und Zerschlagung der weissen Bauernstruktur. Nun sind 11.d5 und 11.Le2 sowie 11.Sg5 in der Praxis erprobte Beispiele.}) (10... Nd7 {mit der Idee, ...e5 folgen zu lassen; die Hauptfortsetzungen sind jetzt 11.d5 und 11.Ld3 sowie 11.Lh6.}) 11. d5 {Die richtige Reaktion.} Bg4 {Gegenüber der Variante 10...Lg4 hat Schwarz ein Tempo verloren. Das erklärt auch, weshalb Weiss jetzt klar überlegen steht, bzw. sein Eröffnungsvorteil grösser als üblich ist.} 12. Be2 {Nicht zu tadeln. Mein alter Leela Chess Zero, wie meine Engine, bevorzugen das scharfe 12.h4!?} f5 $2 {[%mdl 2] [#] Ein positioneller Fehler, werden doch der e-Bauer rückständig und das Feld e6 schwach. Dass Weiss nun aber gar exzellente Gewinnchancen erhält, ist schwer zu erkennen.} ({Nach} 12... Nd7 13. c4 Qxd2+ 14. Nxd2 Bxe2 15. Kxe2 $14 {steht Weiss nur leicht besser.}) 13. exf5 Bxf5 14. Nh4 $6 $16 {Mit einer komplizierten Varianten mit vielen Abzweigungen beweist Stockfish 16.1, dass die Partie mit 14.Sg5 für Weiss zu gewinnen war. Aber selbst nach dem Textuzug steht Weiss noch klar besser.} Be4 15. f3 Bf5 16. Nxf5 Rxf5 17. f4 Na6 18. Bg4 Rff8 19. O-O Nc7 20. c4 $2 {[%mdl 32768] Der danach mögliche Damentausch halbiert den weissen Vorteil auf += (0.69).} Qxd2 21. Bxd2 Rf7 $6 {Das verdient kein Lob, verpasst Schwarz doch einen sinnvollen positionellen Zug.} (21... Ne8 $1 {Dieser Springer strebt auf das wundervolle Blockadefeld d6, greift dabei den weissen Bauern c4 und nimmt Einfluss auf die wichtigen Felder e4 und f5, wobei zusätzlich auch noch der Bauer b7 gegen Angriffe auf der halb-offenen b-Linie gedeckt wird.} 22. Rfe1 Bf6 23. g3 Nd6 24. Bc3 $14 {und der weisse Vorteil ist nur symbolischer Art.}) 22. Rfe1 Raf8 23. Bf3 $2 {[%mdl 32768] Mit 23.f5! konnte sich Weiss noch Siegeschancen machen. Der Weg dazu übersteigt das Können unserer Oldies um Welten.} ({Beast 15 MPV-avx2:} 23. f5 Bd4+ 24. Kh1 Kg7 25. Bf4 Ne8 26. g3 Nd6 27. fxg6 hxg6 28. Re6 Bb2 29. Rb1 Bf6 30. Bxd6 exd6 31. Rxd6 b5 32. cxb5 c4 33. Rc6 Bd8 34. d6 Rf2 35. Re1 Rxa2 36. Re2 Rxe2 37. Bxe2 Rf2 38. Bxc4 Bb6 39. d7 Rd2 40. Be6 Kf6 41. h4 Ke7 42. Bg4 Kf7 43. Rc4 Ke7 44. Re4+ Kf7 45. Re8 Kf6 46. Re6+ Kf7 47. Rc6 Kg7 48. Bf3 Rxd7 49. Be4 Re7 50. Rxg6+ Kh8 51. Bf5 Re5 52. g4 Rxb5 53. Re6 Rb3 54. h5 Re3 55. Rd6 Bc5 {[%eval 188,45] [%wdl 990,10,0]}) 23... Rd8 (23... Bd4+ 24. Kh1 Kg7 25. Rb1 b6 26. a4 $14 {und Weiss steht besser, ob es aber möglich wäre, die Stellung weiter zu verstärken, steht auf einem anderen Blatt.}) 24. Rb1 b6 25. Bg4 Rdf8 $6 {Verpasst den Ausgleich.} (25... Bd4+ 26. Kh1 h5 $11) 26. g3 Rd8 27. Kh1 {Stärker war 27.f5! +/-} Rdf8 $2 $18 {[%mdl 2] So gerät Schwarz wieder auf die Verliererstrasse. Mit 27...Ld4, was dem König das Feld g7 räumt, war noch Widerstand möglich.} 28. f5 $1 {Vorerst packt Weiss seine Chance.} gxf5 29. Bh5 Rd8 (29... Rf6 {verliert noch rascher} 30. Rxe7 Na6 31. Rxa7 Nb4 32. Bc3 $18 {und gewinnt}) 30. Bf4 Ne8 31. Bxf7+ Kxf7 $18 {Während für die Engines der Fall zugunsten von Weiss klar ist, dürfte das auf unsere Oldies nicht zutreffen, hat doch Weiss nur die Qualität für einen Bauern. Mit 10 Sek. Bedenkzeit pro Zug habe ich meine Engine diese Stellung ausspielen lassen. Das Resultat sieht wie folgt aus:} 32. Rf1 (32. Re6 Rd7 33. a4 Bc3 34. Rc1 Bf6 35. Rf1 Rb7 36. Kg2 Rd7 37. Rc6 Rd8 38. Kh3 h5 39. Kg2 Kf8 40. a5 bxa5 41. Rxc5 Rd7 42. Rxa5 Kg8 43. Be3 Nd6 44. Ra4 Kf7 45. c5 Ne8 46. Rd1 h4 47. c6 Rd8 48. Bf4 hxg3 49. hxg3 Ra8 50. Rb1 a5 51. Rb5 Bc3 52. Ra3 Be1 53. Kf1 $18 {Erobert noch den Läufer. Die Partie hätte also noch bis zum 53. Zug gedauert.}) 32... Rd7 33. Kg2 Nf6 34. Rfe1 (34. a4 $18 {ist stärker}) 34... Ne4 35. Rb3 (35. g4 {ist stärker}) 35... e6 $2 {[%mdl 2] Danach sollte Schwarz einmal mehr verloren sein.} (35... h5 36. Rf3 Bd4 37. Be3 Nd6 38. Bxd4 cxd4 39. Rf4 Nxc4 {und zumindest aus Sicht unserer Oldies ist noch gar nichts klar.}) 36. Rd3 $2 {[%mdl 32768] Weiss nutzt seine Chance auch dieses Mal nicht.} (36. dxe6+ Kxe6 37. g4 Rd4 38. gxf5+ Kxf5 39. Rf3 Ke6 40. Rh3 Kf5 41. Kf3 Rd3+ 42. Re3 Nd2+ 43. Ke2 Rxe3+ 44. Bxe3 Nxc4 45. Rxh7 Kg6 46. Rh4 $18 {weisse Gewinnstellung}) 36... e5 37. Be3 Bf6 38. Rc1 Nd6 {Hier war 38...h5 = exakter.} (38... h5 39. a4 h4 40. a5 bxa5 41. Rb3 Kg6 42. Rb5 hxg3 43. hxg3 Bg5 44. Bxg5 Kxg5 45. Rxa5 Kg4 $11 {ausgeglichen}) 39. Rdd1 e4 {Gleich drei Fortsetzungen müssen als deutlich genauer und zum Ausgleich führend erwähnt werden: 39...Td8 oder 39...h5 und 39...Kg6. In dieser für unsere Oldies schwierigen Spielphase passieren beiden Kontrahenten laufend Ungenauigkeiten.} 40. Rc2 {besser 40.Lf4  und 40.Tf1 } Be5 41. a4 Nb7 {besser 41...h5 oder 41...Kf6.} 42. Kh3 $2 {[%mdl 2] Sowohl 42.Tf1 als auch 42.g4 gewinnen.} Kg6 43. Bf2 Re7 44. Kg2 Nd6 45. Be3 Bf6 ({besser} 45... h5 $11) 46. Kf2 $2 $14 {[%mdl 32768] Und hier hätte 46.a5 wohl gewonnen.} h5 $2 (46... Nb7 {ist richtig, was a4-a5 verhindert.}) 47. Bf4 $2 $11 {Wieder war 47.a5 richtig und Schwarz wird langfristig die Segel streichen müssen.} Be5 $2 $18 {[%mdl 2] Gerät wieder in eine verlorene Stellung. Nach 47...Sb7 wäre nichts los gewesen.} 48. Bxe5 $2 {[%mdl 32768] Aber nicht so! Zum Gewinn hätte der schon sattsam bekannte Vorstoss 48.a5 geführt.} Rxe5 49. Ke2 Kf6 50. a5 {Nun bringt dieser verspätete Vorstoss nichts mehr ein.} bxa5 $2 {[%mdl 2] ***Verlustzug***} (50... Re7 51. axb6 axb6 52. Rb1 Rb7 53. Ke3 Ke5 $11 {und Weiss kommt nicht weiter, wobei der schwache Bauer auf c4 eine wichtige Rolle spielt.}) 51. Ra1 Nb7 52. Rca2 $2 $11 {Ein völlig nutzloses Manöver.} (52. Rd2 $1 {setzt auf seinen Freibauern sowie auf die aktiv werdenden Türme und gewinnt, z.B.} Nd6 53. Rxa5 Nxc4 54. Ra6+ Kg5 55. Rd1 Re7 56. h4+ Kg4 57. Rg6+ Kh3 58. Rc1 Nb6 59. d6 Re5 60. Rd1 Re8 61. Rg5 c4 62. Rxf5 c3 (62... Kxg3 63. Rxh5 $18) 63. Rxh5 c2 64. Rc1 Rc8 65. Re5 $18) 52... Re7 $2 $18 {[%mdl 2] Vergibt den vom Gegner zugestandenen Ausgleich wieder und stolpert in den Verlust.} (52... h4 $1 53. Rd2 hxg3 54. hxg3 Nd6 $11) 53. Rd1 h4 54. Raa1 $2 {[%mdl 32768] Zum Glück für Schwarz agiert der Mephisto Polgar ebenfalls falsch und es herrscht wieder Ausgleich.} hxg3 55. hxg3 Rh7 (55... Rd7 $11 {ist genauer}) 56. Ke3 Ke5 (56... Nd6 $11 {ist genauer}) 57. Rd2 $2 $19 {[%mdl 2] [#] Nach diesem Fehler ist es Schwarz der gewinnen sollte.} (57. d6 $1 Nxd6 58. Rd5+ Ke6 59. Rxc5 $11) 57... Nd6 58. Rc1 Rh3 59. Kf2 Rh2+ 60. Ke3 Rxd2 $2 $11 {[%mdl 32768] Vergibt den Sieg.} (60... Rh8 61. Rf2 Rh3 62. Rg1 a4 63. Kd2 Nxc4+ 64. Kc2 Ne3+ 65. Kc3 Nxd5+ 66. Kc4 e3 67. Re2 Ke4 68. Rd1 Nb4 69. Kxc5 a5 70. Kb5 Rxg3 71. Kxa5 Nc6+ 72. Kxa4 Nd4 $19 {und die übermächtige schwarze Bauernwalze entscheidet.}) 61. Kxd2 $11 Kd4 62. Ke2 a6 63. Rc2 e3 64. Rc1 a4 65. Rd1+ Kxc4 66. Kxe3 a3 67. Kf4 $2 {[%mdl 2] ***VERLUSTZUG*** Einzig mit 67.Kd2 war die Partie zu halten.} a2 {Auch 68...Kb3 oder 67...Kc3 gewinnen.} 68. Ke5 Nf7+ $11 {[%mdl 32768] Erneut vergibt Schwarz den Sieg. Aber natürlich können das beide Programme unmöglich erkennen.} (68... Nc8 69. d6 Nb6 70. Kxf5 Kb3 71. Rd3+ Kb4 72. Rd1 c4 73. g4 Kb3 74. g5 c3 75. g6 c2 76. Rg1 Kb2 77. g7 a1=Q 78. Rxa1 Kxa1 79. g8=Q c1=Q 80. Qg7+ Ka2 81. Qe7 Qc5+ {und gewinnt, aber selbst diese Stellung dürfte für unsere Oldies noch alles andere als klar sein.}) 69. Ke6 Ng5+ $2 $18 {[%mdl 2] ***VERLUSTZUG***} (69... Nd8+ $1 70. Ke7 Nb7 71. Kd7 $1 Kb3 72. Kc7 c4 73. Kxb7 c3 74. d6 c2 75. Rh1 Kb2 76. d7 c1=Q (76... a1=Q 77. Rxa1 Kxa1 78. d8=Q c1=Q 79. Kxa6 $11) 77. Rxc1 Kxc1 78. d8=Q a1=Q 79. Qc8+ Kd1 80. Qxf5 $11 {ausgeglichen}) 70. Kxf5 Nf7 71. Kf6 $2 $11 {[%mdl 32768] Vergibt den Sieg.} (71. Ke6 $1 Nd8+ 72. Kd6 $1 {Der einzige Zug, der gewinnt, weil der weisse König in gewissen Varianten den c5-Bauern schlagen kann.} Nf7+ 73. Ke7 Ne5 74. Ke6 Nf3 75. g4 Kb3 76. d6 Nd2 {Noch ein letzter Rettungsversuch.} 77. d7 Nb1 78. d8=Q a1=Q 79. Rxb1+ Qxb1 80. Qb6+ Kc2 81. Qxb1+ Kxb1 82. Kd5 $1 (82. g5 $2 c4 $11) 82... a5 83. Kxc5 a4 84. Kb4 $18) 71... Nd6 72. Ke5 {Auch 72.g4 genügt für den Ausgleich.} Nc8 $2 $18 {[%mdl 2] ***Verlustzug***} (72... Kb3 73. Kxd6 c4 $11) 73. d6 Nb6 {[#]} 74. Ke6 $2 {[%mdl 32768] Vergibt den Sieg.} (74. g4 Kb3 75. g5 Nc4+ 76. Ke6 $1 Nb6 77. g6 $18 {und gewinnt}) 74... Kc3 75. d7 Nxd7 76. Kxd7 Kc2 77. Rh1 c4 78. g4 Kb2 79. Rh2+ Kb1 80. Rh1+ Kb2 81. Rh2+ Kb3 82. Rh1 c3 83. g5 c2 84. g6 Kb2 $1 {Alles andere verliert.} 85. g7 c1=Q 86. Rxc1 Kxc1 87. g8=Q a1=Q 88. Qg1+ Kb2 89. Qd4+ (89. Qxa1+ {ist menschlicher} Kxa1 90. Kc6 a5 91. Kb5 Kb2 92. Kxa5 {Remis}) 89... Kb1 90. Qd1+ Ka2 91. Qa4+ Kb1 92. Qd1+ Ka2 93. Qa4+ Kb2 94. Qd4+ Ka2 95. Qa4+ {***3x REMIS***} 1/2-1/2

[Event "Match 78__120'/40"]
[Site "Zurich"]
[Date "2024.??.??"]
[Round "13"]
[White "Saitek D+ EGR 10 MHz"]
[Black "Mephisto Polgar sel. 5"]
[Result "1-0"]
[WhiteElo "1992"]
[BlackElo "1991"]
[Annotator "Utzinger,K"]
[PlyCount "98"]
[EventDate "2024.05.22"]
[EventType "match"]
[SourceVersionDate "2024.04.21"]

{[%evp 0,98,19,38,25,16,13,37,33,32,32,-10,-9,-5,28,38,33,37,47,37,38,28,45,45,41,29,16,8,0,7,-4,-4,-20,0,-6,0,0,0,19,-21,-16,-37,-37,-42,-4,0,1,0,0,0,-16,-8,0,33,49,54,91,68,101,105,153,107,107,87,97,83,106,151,160,173,321,182,173,173,201,224,293,305,443,504,791,844,879,874,947,811,819,849,836,892,926,1113,1144,1144,1209,1206,1280,1469,29985,29984,29989]} 1. e4 e5 {Match 120'/40 | Bediener: Rolf Bühler | 13. Partie: Weiss (Saitek D+) gewinnt | Zwischenstand: 8,0-5,0 (61,5%) für Saitek D+ / hypothetisch: 8,0-5,0 (63,6%) für Mephisto Polgar | Eröffnung: Russische Verteidigung, Kaufmann Angriff | Nach der Eröffnung entsteht ein ausgeglichenes Mittelspiel. Die beidseitigen, kleinen Ungenauigkeiten lassen sich ohne Nachteil verschmerzen. Dann genügt aber ein einziger Fehler, 27...a4?, um die Partie klar zugunsten des selektiven Kaplan Programms zu kippen. Und der Saitek D+ lässt erstaunlicherweise gar nichts mehr anbrennen und holt sich durch starkes Spiel einen überzeugenden Sieg der ruhigen Art. Gleichzeitig baut er seinen Vorsprung auf drei Punkte aus. Langsam machen wir uns Sorgen um das Programm von Ed Schroeder.} 2. Nf3 Nf6 3. Nxe5 d6 4. Nf3 Nxe4 5. c4 Be7 6. Nc3 Bf5 {***ENDE BUCH*** = (0.06) (51% )} 7. d4 Nxc3 8. bxc3 O-O 9. Bd3 {***ENDE BUCH*** = (0.00) (50%)} Bxd3 10. Qxd3 Nd7 (10... Nc6 {ist genauer, was der schwarzen Dame das Feld d7 offen lässt.}) 11. O-O Nb6 12. Rb1 Qd7 13. Bg5 Rae8 $11 14. Bxe7 {Ein kleiner "Negativtausch", kommt doch nun Schwarz zuerst zur Besetzung der offenen e-Linie. Besser Lf4 oder Le3.} Rxe7 15. Ng5 {Ein Schlag ins Wasser, kann doch die Mattdrohung auf h7 leicht abgewehrt werden.} f5 (15... g6 {ist exakter}) 16. Rfe1 Rfe8 17. Rxe7 Qxe7 18. Nf3 ({Natürlich nicht} 18. Qxf5 $4 Qe1+ 19. Rxe1 Rxe1#) 18... Qe4 19. Qf1 Qc6 20. Qd3 g6 21. Nd2 f4 {Schwäch einzig die schwarze Stellung.} 22. h3 a6 {Man sieht, dass der Mephisto Polgar keinen Plan hat.} 23. a3 {Dem Saitek D+ geht es nicht besser.} Re7 24. Ra1 a5 {Die beidseitige Planlosigkeit setzt sich fort. Nun wird das Feld b5 geschwächt.} 25. Rb1 Re8 {Schlecht stehenden Figuren sollten umgruppiert werden. Deshalb wäre 25...Sd7 angebracht, um den Springer auf das stärkere Feld f6 zu bringen. Auch wäre ...b6 möglich, um den Druck auf der halboffenen b-Linie aufzuheben. Zum Glück für beide Parteien, befindet sich die Stellung noch immer im Gleichgewicht.} 26. Rb5 Re1+ 27. Kh2 {[#]} a4 $2 $18 {[%mdl 2] Ein VERLUSTZUG wie der Gegner in der Folge überzeugend demonstrieren kann.} (27... Rd1 {ist die einzige sinnvolle Verteidigung mit leichtem Vorteil für Weiss nach} 28. Rb2 $14) 28. c5 $1 {Die richtige Antwort.} Nc8 29. Ra5 d5 30. Qf3 b6 31. cxb6 Nxb6 32. c4 $1 {Ein böser Nadelstich. Weiss nützt die Fesslung der schwarzen Dame aus.} g5 33. Rc5 {Auch Dg4 und c5 gewinnen.} Qd6 34. cxd5 Qd8 35. Nc4 Nxc4 36. Rxc4 Kh8 37. Rxa4 {Und schon hat Weiss 2 Bauern erobert.} Rc1 38. Qe4 Rc3 39. Ra6 $18 {Für Schwarz gibt es keine Rettung mehr, so drohen Te6 oder Tc6 mit Vernichtung.} Rc1 40. Rh6 Qd7 {Behebt die Mattdrohung auf h7.} 41. Re6 {Droht Te8+ Kg7, Td7+ mit Eroberung der schwarzen Dame.} Qd8 42. d6 {Ein nicht notwendiger Einschub, der aber nichts verdirbt.} cxd6 43. Re8+ Qxe8 44. Qxe8+ Kg7 45. Qe7+ Kg6 46. Qxd6+ Kh5 47. Qf6 {Es wird Matt in 12.} Rc7 48. d5 h6 49. Qe6 Rc3 {***AUFGEGEBEN***} 1-0